“Blue Berries Always Surprise Us” (notice n° 1650689)
[ vue normale ]
| 000 -LEADER | |
|---|---|
| fixed length control field | 01284cam a2200217 4500500 |
| 005 - DATE AND TIME OF LATEST TRANSACTION | |
| control field | 20260208005125.0 |
| 041 ## - LANGUAGE CODE | |
| Language code of text/sound track or separate title | fre |
| 042 ## - AUTHENTICATION CODE | |
| Authentication code | dc |
| 100 10 - MAIN ENTRY--PERSONAL NAME | |
| Personal name | Follett, Danielle |
| Relator term | author |
| 245 00 - TITLE STATEMENT | |
| Title | “Blue Berries Always Surprise Us” |
| 260 ## - PUBLICATION, DISTRIBUTION, ETC. | |
| Date of publication, distribution, etc. | 2019.<br/> |
| 500 ## - GENERAL NOTE | |
| General note | 68 |
| 520 ## - SUMMARY, ETC. | |
| Summary, etc. | Cet article explore les relations entre le bonheur, la surprise et l’accident dans l’œuvre de Henry David Thoreau. Il aborde son épistémologie de la surprise, envisagée comme un engagement relationnel avec le monde et qui constitue une forme de connaissance, ainsi que ses idées sur le hasard et l’accident, reposant aussi à ses yeux sur sur l’expérience subjective. Ses rencontres avec les phénomènes naturels lors de ses promenades quotidiennes sont une source de bonheur, renforcé par la surprise : malgré l’indéniable expérience de deuil de Thoreau, ses écrits regorgent d’expressions de joie sincère. |
| 690 ## - LOCAL SUBJECT ADDED ENTRY--TOPICAL TERM (OCLC, RLIN) | |
| Topical term or geographic name as entry element | accident |
| 690 ## - LOCAL SUBJECT ADDED ENTRY--TOPICAL TERM (OCLC, RLIN) | |
| Topical term or geographic name as entry element | chance |
| 690 ## - LOCAL SUBJECT ADDED ENTRY--TOPICAL TERM (OCLC, RLIN) | |
| Topical term or geographic name as entry element | happiness |
| 690 ## - LOCAL SUBJECT ADDED ENTRY--TOPICAL TERM (OCLC, RLIN) | |
| Topical term or geographic name as entry element | Henry David Thoreau |
| 690 ## - LOCAL SUBJECT ADDED ENTRY--TOPICAL TERM (OCLC, RLIN) | |
| Topical term or geographic name as entry element | surprise |
| 786 0# - DATA SOURCE ENTRY | |
| Note | Revue française d’études américaines | 157 | 4 | 2019-02-15 | p. 161-172 | 0397-7870 |
| 856 41 - ELECTRONIC LOCATION AND ACCESS | |
| Uniform Resource Identifier | <a href="https://shs.cairn.info/revue-francaise-d-etudes-americaines-2018-4-page-161?lang=en&redirect-ssocas=7080">https://shs.cairn.info/revue-francaise-d-etudes-americaines-2018-4-page-161?lang=en&redirect-ssocas=7080</a> |
Pas d'exemplaire disponible.




Réseaux sociaux